000 00985nam a22003137a 4500
001 BR2015005541
003 BR-BrBNA
005 20230928104727.0
007 ta
008 230509b bl.||||| |||| 00| 0 por d
040 _aBR-BrBNA
_bpor
_cBiblioteca Nacional de Agricultura
041 _a(Eng, Por)
072 _aE14
090 _ E14 BR2015005541
100 1 _aCaldas, R. de A. (org.)
100 1 _aAthas, F.
100 1 _aCosta Junior, J.C. da
100 1 _aBenevides, C.
110 1 _aMinistério da Ciência, Tecnologia e Inovação, Brasília, DF (Brasil)
_97400
245 1 _aRede pró-centro-oeste: construindo o futuro das novas gerações; pro-midwest network: building the future of the new generations
260 3 _aCampo Grande, MS (Brasil):
_c2013.
300 _a89 p.
500 _a74 illus
650 _aBIODIVERSIDADE
650 _aBIOTECNOLOGIA
650 _aDESENVOLVIMENTO SUSTENTÁVEL
909 _a202309
_bLucia
_c55
_dLucia Elande
942 _cBK
999 _c81421
_d81421